Allgemeinwissen nach Buchstabe - M - Statistiken

Allgemein
  • Dieses Quiz wurde 131 mal gespielt
  • Das Durchschnittsergebnis liegt bei 13 aus 17
Antwortstatistiken
Hint Antwort % Korrekt
Erste Bundekanzlerin Deutschlands (Nachname) Angela Merkel
100%
Berühmtes Gemälde von Leonardo da Vinci, hängt im Louvre Mona Lisa
98%
Heilige Stadt im Islam Mekka
97%
Staatsform in Dänemark Monarchie
92%
Landeshauptstadt von Rheinland-Pflaz Mainz
90%
Hauptstadt von Belarus Minsk
88%
Österreicher Komponist der Klassik (Nachname) Wolfgang Amadeus Mozart
87%
Italienischer Maler der Fresken in der sixtinischen Kapelle Michelangelo
86%
Erster schwarzer Präsident von Südafrika (Nachname) Nelson Mandela
85%
Land mit Ulaanbaatar als Hauptstadt Mongolei
81%
Berufsbezeichnung für jemanden, der sich mit dem Wetter beschäftigt Meteorologe
77%
Inselgruppe im Mittelmeer, südlich von Sizilien Malta
75%
Luftströmung in den Tropen und Subtropen, bestimmt den Wechsel zwischen Regen- und Trockenzeit Monsun
70%
gilt trotz seiner geringen Größe als eines der gefährlichsten Tiere der Welt Moskito
52%
Name des Teufels in Goethes "Faust" Mephistopheles
49%
Zellorganell, Ort der Zellatmung Mitochondrien
46%
Einflussreiche florentinische Dynastie, welche vier Päpste hervorbrachte Medici
45%
Keine übereinstimmenden Quizze gefunden
Verteilung der Resultate
Anzahl Personen mit jedem Resultat
Perzentil nach korrekt beantworteten Fragen
Ihre Resultats-Entwicklung
Sie haben dieses Quiz noch nicht gespielt